1653 1983 1863 1512 1100 1041 1968 1983 1179 1484 1149 1684 1236 1678 1426 1584 1932 1340 1705 1111 1875 1944 1290 1917 1769 1921 1177 1939 1810 1796 1861 1314 1947 1586 1507 1456 1850 1223 1324 1610 1541 1010 1135 1133 1565 1180 1308 1217 1149 1907 1499 1038 1762 1489 1402 1179 1629 1663 1138 1709 1724 1128 1385 1286 1147 1190 1555 1996 1491 1403 1583 1837 1772 1977 1294 1613 1575 1049 1086 1494 1528 1882 1914 1400 1362 1297 1386 1157 1632 1067 1820 1944 1422 1355 1328 1743 1534 1940 1501 BCNSPRNW ULIB Ver.6.0+V

เปลี่ยนเป็นภาษาไทย

Change to English
 แสดงรายละเอียดบรรณานุกรม
  กลับหน้าหลัก

Brief Record : Get Marc (ISO 2709) : E-mail record : QR code < ปิดหน้าต่าง
LEADER : 00000nas 2200000uu 4500
001    13399125120
003     ULIB
008    160907s||||||||th 000 0 tha d
022 0  24654809
245 00 วารสารหัวหินสุขใจไกลกังวล
310    ^aราย 6 เดือน
850 ^a ULIB^bปีที่ 3 ฉบับที่ 1 ฉ.1 ;ปีที่ 1 ฉบับที่ 1 ฉ.1 ;ปีที่ 1 ฉบับที่ 2 ฉ.1
945    ^p0^l0^i905190
945    ^p0^l0^i904065
945    ^p0^l0^i904544
999    ^aวรรณษา ชูชัยมงคล
รายการนี้ยังไม่มีแท็ก
คุณยังไม่ได้ล็อกอิน คุณสามารถมีกิจกรรมร่วมกับเว็บไซต์ได้ แต่ต้องล็อกอินก่อน ::
  ล็อกอิน

รายการสื่อสารสนเทศ (วารสาร)

ดูแบบ: กล่อง รายการ
ARRIVED
ปีที่ 1 ฉบับที่ 1 ฉ.1
สถานที่: ห้องสมุดวิทยาเขตสวรรค์ประชารักษ์ >หนังสือพิมพ์
ARRIVED
ปีที่ 1 ฉบับที่ 2 ฉ.1
สถานที่: ห้องสมุดวิทยาเขตสวรรค์ประชารักษ์ >หนังสือพิมพ์
ARRIVED
ปีที่ 3 ฉบับที่ 1 ฉ.1
สถานที่: ห้องสมุดวิทยาเขตสวรรค์ประชารักษ์ >วารสาร

BibComment


ยังไม่เคยถูกคอมเมนท์

คอมเมนท์ทรัพยากรรายการนี้
  คอมเมนท์: วารสารหัวหินสุขใจ..


 Copyright 2026. Bcnsprnw @Library